European Country by Clue - Statistics

General Stats
  • This quiz has been taken 49 times
  • The average score is 30 of 41
Answer Stats
Clue Country % Correct
2 Northernmost country Iceland
96%
14 Its capital is home to the most famous painting France
89%
3 Largest country entirely in Europe Ukraine
89%
8 Two micronations are situated within it Italy
87%
12 Former colonies include Brazil and Angola Portugal
87%
23 Micronation bordering France, Belgium and Germany Luxembourg
84%
21 Unbelievable - the "Führer" actually was from here! Austria
82%
29 "Capital of Gambling" on the French Riviera Monaco
82%
20 Country that used to be ruled by a "Führer" Germany
80%
28 Alpine micronation Liechtenstein
80%
34 Its capital is famous for canals; they are crazy for tulips Netherlands
80%
30 Home to Count Dracula Romania
80%
35 Their most famous musical export sang hits like Waterloo, Mamma Mia or Dancing Queen Sweden
80%
37 Island nation, the nearest land mass is Sicily Malta
78%
9 Thanks to a recent name change, we don't have to say "Former Yugoslav etc" anymore North Macedonia
78%
32 was part of Yugoslavia; borders Italy Slovenia
78%
10 Its independence in 2008 is not yet recognized by every country Kosovo
76%
22 Baltic country whose flag is similar to that of #21 Latvia
76%
19 its origins date as far back as the 13th century; baltic country Lithuania
76%
24 Home to a famously "walled city" on the Adriatic Sea Croatia
73%
17 Home to Pilsen and the famous type of beer Czech Republic
73%
13 Also called "country of the 1000 lakes" Finland
73%
38 Nordic country, owner of Svalbard Norway
73%
31 views Kosovo as a province they own Serbia
73%
4 Largest Catholic population - by percentage, that is Vatican
73%
42 Micronation of the Pyrenees Andorra
71%
25 Poorest country of the continent Moldova
71%
18 Was part of the same country as #18 until 1993 Slovakia
71%
16 The assassination that, according to many, started WW1 took place in its capital Bosnia and Herzegovina
69%
26 Together with #21, it used to form a type of unity Hungary
69%
6 With 7 wins, it won the Eurovision Song Contest most Ireland
69%
11 Its name translates to Black Mountain Montenegro
69%
41 At its southernmost point, Africa is only a couple of miles away Spain
69%
7 Only neighbour of #7 United Kingdom
69%
5 Often called "the last dictatorship of Europe" Belarus
67%
36 The majority is muslim Albania
64%
15 Its capital is connected to a major city of a nearby country by bridge Denmark
62%
27 Its capital is almost directly south of Helsinki Estonia
62%
33 They are the proud inventors of the Cyrillic Alphabet Bulgaria
60%
39 Its capital is home to a giant atomic model Belgium
58%
1 Shares a national anthem with a country that is not in Europe - according to Jetpunk Greece
33%
No matching quizzes found
Score Distribution
Percent of People with Each Score
Percentile by Number Answered
Your Score History
You have not taken this quiz